La primera gran conquista: la toma del poder político /
Contiene discursos políticos de Víctor Tirado López, comandante del Frente Sandinista de Liberación Nacional de Nicaragua.
I tiakina i:
| Kaituhi matua: | |
|---|---|
| Hōputu: | Pukapuka |
| Reo: | Pāniora |
| I whakaputaina: |
Nicaragua :
Central Sandinista de Trabajadores,
fecha no identificada
|
| Ngā marau: | |
| Ngā Tūtohu: |
Kāore He Tūtohu, Me noho koe te mea tuatahi ki te tūtohu i tēnei pūkete!
|
MARC
| LEADER | 00000nam^a2200000^a^4500 | ||
|---|---|---|---|
| 001 | 000021505 | ||
| 005 | 20250521000000.0 | ||
| 009 | 20260310084418.143 | ||
| 037 | |a Acervo ITESO - Biblioteca | ||
| 041 | |a ESP | ||
| 082 | |a 972. 85053 |b TIR | ||
| 100 | |a Tirado López, Víctor |e (autor) | ||
| 245 | 1 | 3 | |a La primera gran conquista: |b la toma del poder político / |c V. Tirado López ; presen. de Lucio Jiménez G. |
| 264 | 1 | |a Nicaragua : |b Central Sandinista de Trabajadores, |c fecha no identificada | |
| 300 | |a 142 p. | ||
| 336 | |a texto |b txt |2 rdacontenido | ||
| 337 | |a sin mediación |b n |2 rdamedio | ||
| 338 | |a volumen |b nc |2 rdasoporte | ||
| 520 | |a Contiene discursos políticos de Víctor Tirado López, comandante del Frente Sandinista de Liberación Nacional de Nicaragua. | ||
| 649 | |a XX | ||
| 650 | |a Nicaragua - |x Historia - |y Régimen Sandinista, 1979-1990 | ||
| 650 | |a Nicaragua - |x Condiciones Políticas | ||
| 910 | |a Fondo General | ||
| 920 | |a Impresos - Libros | ||
| 930 | |a Colección General | ||
| 905 | |a 101 | ||
| 901 | |a 0215050100 |b IT1 |c ACC |i 021505 |u 20250521 | ||
| 902 | |a https://opac.biblio.iteso.mx/vufind/Record/000021505 | ||